| 000 | 00791nam a2200205Ia 4500 | ||
|---|---|---|---|
| 003 | 0 | ||
| 005 | 20250127142645.0 | ||
| 008 | 150126s9999 xx 000 0 und d | ||
| 050 |
_aPHS BF 575.A5 _b.D376 2014 |
||
| 100 | _aDe Mesa, Hannah Nicole O. | ||
| 245 | 4 |
_aThe anger management skills of people with siblings and an only child / _cHannah Nicole O. De Mesa. |
|
| 260 |
_aLas PiƱas City, Philippines : _bSouthville International School and Colleges, _c2014. |
||
| 300 |
_a32 pages : _billustration ; _c28 cm. |
||
| 504 | _aIncludes bibliographical references. | ||
| 650 |
_aAnger _vPsychological aspects. |
||
| 650 |
_aAnger _vManagement. |
||
| 650 |
_aEmotional intelligence _vPsychological aspects. |
||
| 650 |
_aInterpersonal relations _vPsychological aspects. |
||
| 942 |
_2lcc _cPASS |
||
| 999 |
_c278658 _d278658 |
||